Lazio Provinces with a Map - Statistics

General Stats
  • This quiz has been taken 60 times
  • The average score is 3 of 5
Answers on the Map
Answers color-coded by a green-red scale on the quiz's map according to % correct below.
 
Answer Stats
Provinces % Correct
Rome
100%
Latina
79%
Frosinone
55%
Viterbo
52%
Rieti
41%
No matching quizzes found
Score Distribution
Percent of People with Each Score
Percentile by Number Answered
Your Score History
You have not taken this quiz